Theology and science in mutual modification /

Bibliographic Details
Main Author: Nebelsick, Harold P., 1925-
Format: Book
Language:English
Published: New York : Oxford University Press, 1981.
Subjects:

MARC

Tag First Indicator Second Indicator Subfields
LEADER 00000pam a2200000 a 4500
001 in00000077263
005 20151008060612.0
008 811015s1981 nyu b 00110 eng
010 |a  81016932  
020 |a 0195202732 
035 |a (OCoLC)07923415 
035 |9 AAJ6130AM 
039 0 |a 2  |b 3  |c 3  |d 3  |e 3 
040 |a DLC  |c DLC  |d TXA  |d UtOrBLW 
049 |a TXAM  |c [933353] 
050 0 0 |a BL245  |b .N43 
082 0 |a 261.5/5  |2 19 
100 1 |a Nebelsick, Harold P.,  |d 1925- 
245 1 0 |a Theology and science in mutual modification /  |c by Harold P. Nebelsick. 
264 1 |a New York :  |b Oxford University Press,  |c 1981. 
300 |a 192 pages ;  |c 23 cm. 
336 |a text  |b txt  |2 rdacontent 
337 |a unmediated  |b n  |2 rdamedia 
338 |a volume  |b nc  |2 rdacarrier 
504 |a Includes bibliographical references and indexes. 
650 0 |a Religion and science  |x History. 
999 |a MARS 
999 f f |s fa6a46ba-f783-3d6a-8e3e-b9ca8aa0790f  |i dc2a4e7a-ddb7-32f5-889e-d18ed968d3f3  |t 0 
952 f f |p ric  |a Texas A&M University  |b Rellis Campus  |c Joint Library Facility  |d Remote Storage  |t 0  |e BL245 .N43  |h Library of Congress classification  |i unmediated -- volume  |m A14806089457 
998 f f |a BL245 .N43  |t 0  |l Remote Storage